Brdy /

Hlavní autor: Hejl, Ivo, 1931-
Další autoři: Hejlová, Helena, Zemina, Milan, 1935-2011
Jazyk: Čeština
Vydáno: Praha : Středočeské nakladatelství a knihkupectví, 1987
Vydání: 1. vyd.
Témata:
Fyzický popis: 112 s. : [16] s. barev. il. ; 16 cm + mapky, [2] s. ; 30x32 cm
Language note: Rus., něm., angl., franc. a špan. resumé
Knihy
Uloženo v:
LEADER 01533nam a22003732a 4500
001 000862645
003 CZ BrMZK
005 20210316103037.0
007 ta
008 070821s1987 xr abf er|||||||||||cze d
015 |a cnb000040302 
020 |q (Brož.) :  |c 9 Kčs 
040 |a ABA001  |b cze  |d ABA001 
041 0 |a cze  |b rus  |b ger  |b fre  |b eng  |b spa 
080 9 |a 908.234.582Brdy 
100 1 |a Hejl, Ivo,  |d 1931-  |7 jk01040561  |4 aut  |4 ill 
245 1 0 |a Brdy /  |c Ivo Hejl ; Helena Hejlová ; fot. Milan Zemina, Ivo Hejl ; mp. zprac. Jiří Hedánek ; obálka a typograf. úprava Miloslav Disman 
250 |a 1. vyd. 
260 |a Praha :  |b Středočeské nakladatelství a knihkupectví,  |c 1987 
300 |a 112 s. :  |b [16] s. barev. il. ;  |c 16 cm +  |e mapky, [2] s. ; 30x32 cm 
500 |a Zkr 
500 |a Seznam uvedených rostlin 
504 |a Obsahuje bibliografii 
546 |a Rus., něm., angl., franc. a špan. resumé 
655 7 |a turistické průvodce  |7 fd133738  |2 czenas 
700 1 |a Hejlová, Helena  |7 xx0124423  |4 aut 
700 1 |a Zemina, Milan,  |d 1935-2011  |7 jn19990010041  |4 ill 
910 |a BOA001  |b 1-0931.507  |b PK-A-0019.131  |b TK-0236.881 
964 |a Brdy - průvodci 
990 |a BK 
991 |b 200708 
996 6 |b 2619601863  |c 1-0931.507  |l MZK  |r Sklad / do 1 hodiny  |n 0  |w 000862645  |u 000010  |a 1  |e BOA001  |j MZK50  |s P 
996 7 |b 2629995382  |c TK-0236.881  |l MZK  |r Sklad / do 24 hodin  |n 2  |w 000862645  |u 000030  |a 1  |e BOA001  |j MZK50  |s A 
996 7 |b 3119810191  |c PK-A-0019.131  |l MZK  |r Sklad / do 1 hodiny  |n 3  |w 000862645  |u 000020  |a 1  |e BOA001  |j MZK50  |s A